Flèamische legenden / (Record no. 49611)

MARC details
000 -LEADER
campo de control de longitud fija 00656nam a2200193 i 4500
001 - NÚMERO DE CONTROL
campo de control 49611
003 - IDENTIFICADOR DE NÚMERO DE CONTROL
campo de control ES-MaACL
005 - FECHA Y HORA DE LA ÚLTIMA TRANSACCIÓN
campo de control 20230906162027.0
007 - CAMPO FIJO DE DESCRIPCIÓN FÍSICA--INFORMACIÓN GENERAL
campo de control de longitud fija t|
008 - DATOS DE LONGITUD FIJA--INFORMACIÓN GENERAL
campo de control de longitud fija 030718s1911 gw ||||1| ger d
080 ## - NÚMERO DE LA CLASIFICACIÓN DECIMAL UNIVERSAL
Número de la Clasificación Decimal Universal 821.133.1(493)-32"18"
100 1# - ENTRADA PRINCIPAL--NOMBRE DE PERSONA
Nombre de persona Coster, Charles de.
9 (RLIN) 41145
245 10 - MENCIÓN DEL TÍTULO
Título Flèamische legenden /
Mención de responsabilidad, etc. Charles de Coster ; deutsch von Marie Lamping und Friedrich von Oppeln-Bronokowski.
260 ## - PUBLICACIÓN, DISTRIBUCIÓN, ETC.
Lugar de publicación, distribución, etc. Jena :
Nombre del editor, distribuidor, etc. Eugen Diederichs,
Fecha de publicación, distribución, etc. 1911 (
Fabricante Spamersche Buchdruckerei)
300 ## - DESCRIPCIÓN FÍSICA
Extensión VIII, 213 p. ;
Dimensiones 20 cm.
700 1# - ENTRADA AGREGADA--NOMBRE PERSONAL
Nombre de persona Lamping, Marie.
9 (RLIN) 69873
700 1# - ENTRADA AGREGADA--NOMBRE PERSONAL
Nombre de persona Oppeln-Bronikowski, Friedrich von.
9 (RLIN) 87127
852 ## - LOCALIZACIÓN
Ubicación ES-MaACL
Número de control de estantería C-4587
Sublocalización o colección R.24461
Holdings
Estatus retirado Estado de pérdida Estado de daño No para préstamo Biblioteca de origen Biblioteca actual Ubicación en estantería Fecha de adquisición Fuente de adquisición Total de préstamos Signatura topográfica completa Código de barras Visto por última vez Precio de reemplazo Tipo de ítem Koha
        Biblioteca del Ateneo de Madrid Biblioteca del Ateneo de Madrid Sala Palomar 17/01/2008     C-4587 1052202 23/02/2023 23/02/2023 Libro impreso